000 00299nam a22001217a 4500
008 160524b xxu||||| |||| 00| 0 eng d
020 _a9780131717626
020 _a0131717626
041 _aeng
080 _a618.2
245 _aLegal ethical issues in nursing:
_cGinny Wacker Guido;
942 _2udc
_cBK
999 _c2420
_d2420